00513nam a2200157 450000500170000001000150001702000260003203500140005803700130007208200130008510000200009824500960011826000400021427000780025430000230033220210907095700.0 aENG-127389 a9789386473813c595.00 aEN-110921 bDBAD/PUB a954.0842 aGoradia,Prafull aPopulation Exchange :bJinnah wanted Hijrat for all Muslims in India/cby Prafull Goradia . aNew DelhibVitasta Publishingc2020 a 2/15,Ansari Road DaryaganjbNew Delhie40001minfo@vitastapublishing.com axv;260p.c22cm(hb)